000 00597nam a2200169 a 4500
001 000043296
005 20201002040810.0
008 140304s2012 dr 000 0 spa d
040 _aDO-SdBNP
_bspa
_cBNPHU
100 1 _aRodríguez, Tanmy M.
_970934
245 1 0 _aHistoria diplomática Dominicana /
_cTanmy M. Rodríguez.
260 _aSanto Domingo, :
_bUNICARIBE,
_c2012
_fSomos Artes Gráficas
300 _a61 p. ;
_c24 cm.
490 1 _aCuadernos Diplomáticos
_v6
710 1 2 _aUniversidad del Caribe
_bEscuela de Relaciones Internacionales
_970929
830 0 _aCuadernos Diplomáticos
_n6
_970935
999 _c42785
_d42785